| 000 | 00805nam a22001817a 4500 | ||
|---|---|---|---|
| 003 | IT-RoPau | ||
| 005 | 20220918175938.0 | ||
| 008 | 130124b xxu||||| |||| 00| 0 eng d | ||
| 040 | _cIT-RoPau | ||
| 100 |
_aAmbrosi, O. _9235 |
||
| 245 | _aLa Prima Maestra | ||
| 250 | _aII | ||
| 260 |
_aAncona _bEdizioni Paoline _c1965 |
||
| 300 |
_a215 p. con foto _c20 cm |
||
| 490 |
_aEdizioni Paoline _vI |
||
| 520 | _aIndice Prefazione 1. Donna rarissima 2. L'educazione in famiglia 3. La giovanissima età 4. La sua decisione 5. La Prima Maestra 6. Le virtù nascoste 7. Fede, dolcezza e carità 8. Distacco da sé e amore di Dio 9. La sua squisita carità 10. La sua preghiera 11. La sua anima apostolica 12. L'offerta eroica di sé 13. Di lei dicono Cronologia | ||
| 942 |
_2ddc _cBK |
||
| 999 |
_c37834 _d37834 |
||